000 00726nam a2200217 a 4500
005 20210219160304.0
008 081006s1984 mx r 000 0 spa d
035 _aUPN01000162479
049 _aUNE
080 _a369.4 (100) "1985" AÑO.
245 0 0 _a1985 Año internacional de la juventud :
_bpara forjar el porvenir.
260 _aParís :
_bFMACU;
_aBélgica :
_bFEDUC,
_c1984.
300 _a40 p.
500 _aIncluye anexos.
690 _aAño Internacional de la Juventud
690 _aClubes UNESCO- Patrimonio juvenil
690 _aJuventud- Clubes UNESCO
710 2 _aFMACU. Federación Mundial de Asociaciones y Clubes UNESCO
710 2 _aFEDUC. Federación Belga de Centros UNESCO.
905 _aUNESCO
999 _c134592
_d134592